000 00632nam a22001817i 4500
999 _c23359
_d23359
003 AR-CdUCM
008 250818b20162016 pe||||| |||| 00| 0 spa d
040 _aMUNICIPALIDAD PROVINCIAL DEL CUSCO
_cBIBLIOTECA MUNICIPAL DEL CUSCO
041 _hspa
082 _a869.56 / L35C6
_bL35C6
100 _aLecca, Dante
_91689
245 _aCosecha de Otoño :
_bObra poética /
260 _aSanta-Chimbote :
_bMunicipalidad Provincial de Santa
_c2016
300 _a406 páginas. :
_c30x22 cm.
505 _aAdolescere -- Dialogo con un orfebre -- Poemas del sur -- Hablar de los caminos
942 _2ddc
_cLIBROS
945 _apbjr
_d18-08-2025